| 000 | 005160000a22001810004500 | ||
|---|---|---|---|
| 082 | _a581.634 RAS/CO | ||
| 100 |
_aMEHROTRA, B N _fAuthor |
||
| 100 |
_aRASTOGI, RAM P _fAuthor |
||
| 245 | _aCOMPENDIUM OF INDIAN MEDICINALPLANTS: V-1 | ||
| 260 | _aLUCKNOW, CENTRAL DRUG RESEARCH INSTITUTE | ||
| 260 | _c1993 | ||
| 300 | _apages 515 | ||
| 650 | _aBIOLOGICAL ACTIVITIES | ||
| 650 | _aCHEMICAL STRUCTURES | ||
| 650 | _aINDEXES-LOCAL NAME,CHEMICAL CONSTITUENT | ||
| 650 | _aINDIAN MEDICINAL PLANTS | ||
| 942 | _cBK | ||
| 999 |
_c296775 _d296775 |
||